00674 2200241 4500001002100000005001700021008004100038035002500079040001200104082001100116090002000127100002000147245008900167250001100256260003600267300002200303650003500325850001200360990001500372990001500387990001500402990001500417YOGYA-0209000002746920150807083253.0 ind  a0010-020900000027469 aYOPDYOG a342.02 aR 342.02bHar H aHARAHAP, Harief aHimpunan peraturan-peraturan dan perundang-undangan RIcdisusun oleh, Harief Harahap aCet. 2 aJakartabPradnya Paramitac1973 a376 hlm. ;c21 cm aIndonesia - Perundang-undangan aYOPDYOG a06A0016297 a06A0016296 a06A0016295 a06A0016294